| 000 | 00393nam a2200145Ia 4500 | ||
|---|---|---|---|
| 008 | 231129s2002||||xx |||||||||||||| ||spa|| | ||
| 020 | _a958-04-6314-X | ||
| 040 | _bspa | ||
| 082 | _a910.1330861 L579g | ||
| 100 | _aLeon Rodriguez Nohra | ||
| 245 | 0 | _aLatitudes: geografia humana y de colombia | |
| 260 | _c2002 | ||
| 264 | _aNorma | ||
| 942 |
_2ddc _cBKS |
||
| 999 |
_c19029 _d19029 |
||